| 000 | 00995cam a22001818i 4500 | ||
|---|---|---|---|
| 020 | _a0834801132 | ||
| 040 | _cDLC | ||
| 082 |
_a709 WEA 1976 A111 Or. _aB |
||
| 100 | 1 | _aRoberts, Laurance P | |
| 245 | 1 | 2 |
_aA dictionary of Japanese artists : _bpainting, sculpture, ceramics, prints, lacquer / |
| 250 | _a1st ed | ||
| 260 |
_aTokyo ; _aNew York : _bWeatherhill, _c1976 |
||
| 300 |
_axi, 299 p. _c27cm |
||
| 500 | _aIncludes index | ||
| 520 | 1 | _aGeared toward the western reader, this rather concise biographical dictionary covers artists who died before 1972. Artists are listed alphabetically by western names, but entries do provide their corresonding characters and alternate names. The entries also include a list of museum collections that house works by the artist, in addition to short bibliographies. Finally, there is a brief glossary, an index of alternate names and a character index. [Review, Oberlin Art Library Staff, BQP 8/23/01, MJR 2/15/02] | |
| 650 | 0 | _aArtists | |
| 942 | _cEK | ||
| 999 |
_c17166 _d17166 |
||